| 000 | 00000nam##2200000za#4500 |
| 001 | 9.639182 |
| 003 | CaOODSP |
| 005 | 20210624222032 |
| 007 | cr ||||||||||| |
| 008 | 150407|1999||||xxc|||||o f|0| 0 fre|d |
| 040 | |aCaOODSP|bfre |
| 043 | |an-cn--- |
| 086 | 1 |aEn134-6/1999F-PDF |
| 110 | 2 |aTable ronde nationale sur l'environnement et l'économie (Canada) |
| 245 | 10|aProgramme canadien d'échange de droits d'émission de gaz à effet de serre : |h[ressource électronique]|boptions envisagées |
| 260 | |aOttawa - Ontario : |bTable ronde nationale sur l'environnement et l'économie |cc1999. |
| 300 | |a135p.|btableaux |
| 500 | |aL'ISBN (1-89543-95-3) pour l'édition imprimée a été incorrectement copié dans cette version PDF. |
| 590 | |a12-30-Supp|b2012-06-28 |
| 691 | 07|aClimat|2gcpds |
| 691 | 07|aEnvironnement|2gcpds |
| 691 | 07|aGestion de l'environnement|2gcpds |
| 691 | 07|aLutte contre la pollution|2gcpds |
| 775 | 08|tCanada's options for a domestic greenhouse gas emissions trading program |w(CaOODSP)9.695021 |
| 856 | 40|ahttp://publications.gc.ca|qPDF|s21957 Ko|uhttps://publications.gc.ca/collections/collection_2011/trnee-nrtee/En134-6-1999-fra.pdf |